00373nam a22001337a 450000500170000000800410001702000220005808200130008010000180009324500330011125000080014426000480015265000390020020250510110501.0250510b |||||||| |||| 00| 0 eng d a978-81-239-2161-7 a617.3 Q2 aEbnezar, John aOrthopedic Problems in Women a1st aCBS Publishers & Distributors Pvt Ltdc2012 vphysiotherapyxOrthopedic Problems